LEADER 03063nas 22009853a 450 001 996212653503316 005 20230301213019.0 035 $a(DE-599)ZDB2190015-2 035 $a(OCoLC)577068192 035 $a(CKB)110978978555995 035 $a(CONSER)--2023200603 035 $a(EXLCZ)99110978978555995 100 $a20100325a19839999 --- a 101 0 $aeng 135 $aurbn||||||abp 135 $aurbn||||||ada 181 $ctxt$2rdacontent 182 $cc$2rdamedia 183 $acr$2rdacarrier 200 04$aThe Book & Paper Group annual 210 1$aWashington, D.C. :$cBook and Paper Group, American Institute for Conservation of Historic and Artistic Works,$d1983- 215 $a1 online resource (volumes) $cillustrations 300 $aTitle varies slightly. 300 $aImprint varies. 311 $a0887-8978 517 3 $aBook and Paper Group annual 531 $aAMERICAN INSTITUTE FOR CONSERVATION OF HISTORIC AND ARTISTIC WORKS BOOK AND PAPE 531 $aTHE BOOK AND PAPER GROUP ANNUAL 531 $aBOOK & PAPER GROUP ANNUAL 531 $aBOOK AND PAPER GROUP ANNUAL 531 0 $aBook Rap. Group annu. 606 $aBooks$xConservation and restoration$vPeriodicals 606 $aPaper$xPreservation$vPeriodicals 606 $aBooks 606 $aPaper 606 $aBooks 606 $aPaper 606 $aLivres$xConservation et restauration$vPériodiques 606 $aPapier$xConservation$vPériodiques 606 $aLivres 606 $aPapier 606 $abooks$2aat 606 $apaper (fiber product)$2aat 606 $aPaper$2fast$3(OCoLC)fst01052348 606 $aBooks$2fast$3(OCoLC)fst00836401 606 $aBooks$xConservation and restoration$2fast$3(OCoLC)fst00836404 606 $aPaper$xPreservation$2fast$3(OCoLC)fst01052375 606 $aBuchrestaurierung$2gnd 606 $aKonservierung$2gnd 606 $aPapier$2gnd 606 $aZeitschrift$2gnd 606 $aConservatie$2gtt 606 $aBoeken$2gtt 606 $aPapier$2gtt 608 $aPeriodical 608 $aPeriodicals.$2fast 615 0$aBooks$xConservation and restoration 615 0$aPaper$xPreservation 615 0$aBooks. 615 0$aPaper. 615 2$aBooks 615 2$aPaper 615 6$aLivres$xConservation et restauration 615 6$aPapier$xConservation 615 6$aLivres. 615 6$aPapier. 615 7$abooks. 615 7$apaper (fiber product) 615 7$aPaper. 615 7$aBooks. 615 7$aBooks$xConservation and restoration. 615 7$aPaper$xPreservation. 615 7$aBuchrestaurierung 615 7$aKonservierung 615 7$aPapier 615 7$aZeitschrift 615 17$aConservatie. 615 17$aBoeken. 615 17$aPapier. 676 $a025.7 712 02$aAmerican Institute for Conservation of Historic and Artistic Works.$bBook and Paper Group. 906 $aJOURNAL 912 $a996212653503316 996 $aThe Book & Paper Group annual$91991647 997 $aUNISA LEADER 05316nam 22006735 450 001 9910350349203321 005 20251113181802.0 010 $a981-13-9349-4 024 7 $a10.1007/978-981-13-9349-5 035 $a(CKB)4100000009757385 035 $a(MiAaPQ)EBC5942854 035 $a(DE-He213)978-981-13-9349-5 035 $a(PPN)260304700 035 $a(MiAaPQ)EBC5942796 035 $a(iGPub)SPNA0064405 035 $a(EXLCZ)994100000009757385 100 $a20191012d2019 u| 0 101 0 $aeng 135 $aurcnu|||||||| 181 $ctxt$2rdacontent 182 $cc$2rdamedia 183 $acr$2rdacarrier 200 10$aAdvancing Frontiers in Mycology & Mycotechnology $eBasic and Applied Aspects of Fungi /$fedited by Tulasi Satyanarayana, Sunil Kumar Deshmukh, Mukund V. Deshpande 205 $a1st ed. 2019. 210 1$aSingapore :$cSpringer Nature Singapore :$cImprint: Springer,$d2019. 215 $a1 online resource (685 pages) 311 08$a981-13-9348-6 320 $aIncludes bibliographical references and index. 327 $aPart 1. Basic aspects of fungi -- Chapter 1. The mystical world of mushrooms -- Chapter 2. The developmental history of Ustilago maydis: a saprophytic yeast, a mycelial fungus, a mushroom-like and a smut -- Chapter 3. Biochemical and molecular aspects of dimorphism in fungi -- Chapter 4. Biodiversity, taxonomy, conservation , ecology and utilization of Soil fungi: Indian scenario -- Chapter 5. Diversity and bioprospecting of yeasts from extreme environments -- Chapter 6. Marine fungal ecology in the molecular era -- Chapter 7. Oscillatory orchestration of the growth of Saccharomyces cerevisiae -- Chapter 8. Neurospora genetic backgrounds differ in meiotic silencing by unpaired DNA (MSUD) strength: Implications for Dp-mediated suppression of repeat-induced point mutation -- Part 2. Environmental sustainability -- Chapter 9. Fungal bioremediation: a step towards cleaner environment -- Chapter 10. Exploring fungal lignocellulose degradation: Secretomic and proteomic approaches -- Chapter 11. Fungi, the crucial contributors for nanotechnology: a green chemistry perspective -- Part 3. Interactions with plants, animals and humans -- Chapter 12. Recent developments in ectomycorrhizal fungal research -- Chapter 13. Rumen microbiome and plant secondary metabolites: Inhibition of methanogenesis and improving nutrient utilization -- Chapter 14. Class B-trichothecene profiles of Fusarium species as causal agents of head blight. - Chapter 15. Aflatoxin and ochratoxin detection and remediation for safe Health Food -- Chapter 16. The explosion of Brazilian endophytic fungal diversity: taxonomy and biotechnological potentials -- Chapter 17. Arbuscular Mycorrhizal Fungi in alleviation of cold stress in plants -- Chapter 18. Challenges in invasive fungal diseases -- Chapter 19. Diversity of endophytic fungi and their role in artificial agarwood production in Aquilaria -- Part 4. Bioprospects -- Chapter 20. Bioprospecting of fungal entomo- and myco-pathogens -- Chapter 21. Fungal enzymes: Sourcesand biotechnological applications -- Chapter 22. Fungi in hypogean environments: From bioprospection perspective -- Chapter 23. Secondary metabolites of mushrooms: A potential source for anticancer therapeutics with translational opportunities -- Chapter 24. Modulation of fungal metabolome by biotic stress -- Chapter 25. Marine fungi: A potential source of future cosmeceuticals. . 330 $aThe book provides an introduction to the basics of fungi, discussing various types ranging from edible mushrooms to Neurospora ? a model system for genetics and epigenetics. After addressing the classification and biodiversity of fungi, and fungi in different ecological niches, it describes the latest applications of fungi, their role in sustainable environments and in alleviating stress in plants, as well as their role in causing plant and animal diseases. Further chapters explore the advances in fungal interactions research and their implications for various systems, and discuss plant-pathogen interactions. The book also features a section on bioprospecting, and is an extremely interesting and informative read for anybody involved in the field of mycology, microbiology and biotechnology teaching and research. . 606 $aFungi 606 $aMycology 606 $aMicrobiology 606 $aMicrobial genetics 606 $aBiotechnology 606 $aFungi 606 $aMicrobiology 606 $aMicrobial Genetics 606 $aBiotechnology 615 0$aFungi. 615 0$aMycology. 615 0$aMicrobiology. 615 0$aMicrobial genetics. 615 0$aBiotechnology. 615 14$aFungi. 615 24$aMicrobiology. 615 24$aMicrobial Genetics. 615 24$aBiotechnology. 676 $a589.2 702 $aSatyanarayana$b Tulasi$4edt$4http://id.loc.gov/vocabulary/relators/edt 702 $aDeshmukh$b Sunil Kumar$4edt$4http://id.loc.gov/vocabulary/relators/edt 702 $aDeshpande$b Mukund V$4edt$4http://id.loc.gov/vocabulary/relators/edt 801 0$bMiAaPQ 801 1$bMiAaPQ 801 2$bMiAaPQ 906 $aBOOK 912 $a9910350349203321 996 $aAdvancing Frontiers in Mycology & Mycotechnology$92140602 997 $aUNINA